LDR 00849naa#a2200181#i#450# 001 RU\\bibl\121058 005 20260429220058.3 011 ## _a2073-0454 100 ## _a20251015b2025####ek#y0rusy0150####ca 102 ## _aRU 200 1# _aГражданский процессуальный кодекс Российской Федерации. Что не так с названием кодекса? _eЖурнальная статья 210 1# _aМосква _cМосковский университет МВД России имени В.Я. Кикотя _d2025 215 ## _a7 с. 608 ## _aЖурнальная статья _2local 675 ## _aПраво. Юридические науки. 34 _z 700 #1 _aПанкратов _gВладимир Владимирович 700 #1 _aМазуров _gИгорь Евгеньевич 856 4# _amosumvd.editorum.ru _u